[Event "16th Unive op"]
[Site "Hoogeveen NED"]
[Date "2012.10.20"]
[Round "2.38"]
[White "Potze, Rudolf"]
[Black "Djuric, Olgica"]
[Result "1-0"]
[WhiteElo "2124"]
[BlackElo "1880"]
[EventDate "2012.10.19"]
[PlyCount "83"]

1.e4 c5 2.Nf3 Nc6 3.c3 g6 4.Bc4 Qc7 5.O-O Bg7 6.Re1 d6 7.h3 Ne5 8.Nxe5 
Bxe5 9.d3 Bd7 10.a4 Rb8 11.Na3 a6 12.d4 cxd4 13.cxd4 Bg7 14.Be3 Nf6 15.Rc1
Qa5 16.e5 Ne4 17.Qf3 f5 18.exd6 Nxd6 19.Bf4 Kf8 20.Bxd6 exd6 21.b4 Qd8 22.
Qd5 Qf6 23.b5 Bh6 24.Rc2 Re8 25.Rce2 Rxe2 26.Rxe2 Bc8 27.bxa6 bxa6 28.Qc6 
Qd8 29.Be6 Kg7 30.Bxc8 Qxc8 31.Re7+ Kf6 32.Qxd6+ Kg5 33.Qg3+ Kf6 34.Qe5+ 
Kg5 35.f4+ Kh5 36.Qe2+ Kh4 37.Qf2+ Kh5 38.Qf3+ Kh4 39.Kh2 Bxf4+ 40.Qxf4+ 
Kh5 41.g4+ fxg4 42.Re5+ 1-0

[Event "16th Unive op"]
[Site "Hoogeveen NED"]
[Date "2012.10.20"]
[Round "2.39"]
[White "Kazarian, Anna-Maja"]
[Black "Hendriks, Richard V"]
[Result "1/2-1/2"]
[WhiteElo "1864"]
[BlackElo "2123"]
[EventDate "2012.10.19"]
[PlyCount "68"]

1.e4 e5 2.Nf3 Nc6 3.Bc4 Be7 4.c3 Nf6 5.d3 O-O 6.O-O d6 7.h3 Na5 8.Bb5 c5 
9.Re1 h6 10.Nbd2 Nh7 11.d4 cxd4 12.cxd4 Qb6 13.Qa4 exd4 14.Nxd4 a6 15.Bd3 
Bf6 16.N2f3 Nc6 17.Nxc6 Qxc6 18.Qxc6 bxc6 19.Rb1 Be6 20.b3 a5 21.Bb2 a4 
22.Bxf6 Nxf6 23.Nd4 axb3 24.axb3 Bd7 25.Rec1 c5 26.Ne2 Rfb8 27.Nc3 Rb4 28.
Bc4 Be6 29.Nd5 Bxd5 30.exd5 Nd7 31.Ra1 Rxa1 32.Rxa1 Nb6 33.Ra7 Nxc4 34.
bxc4 Rxc4 1/2-1/2

[Event "16th Unive op"]
[Site "Hoogeveen NED"]
[Date "2012.10.21"]
[Round "3.1"]
[White "Van Delft, Merijn"]
[Black "l`Ami, Erwin"]
[Result "0-1"]
[WhiteElo "2395"]
[BlackElo "2631"]
[EventDate "2012.10.19"]
[PlyCount "114"]

1.e4 e5 2.Nf3 Nc6 3.Bb5 a6 4.Ba4 Nf6 5.O-O Be7 6.Re1 b5 7.Bb3 d6 8.c3 O-O 
9.h3 Na5 10.Bc2 c5 11.d4 Nd7 12.a4 Bb7 13.d5 Nb6 14.axb5 axb5 15.b3 c4 16.
b4 Nb3 17.Rxa8 Qxa8 18.Bxb3 cxb3 19.Qxb3 Kh8 20.Qc2 f5 21.Bg5 Bf6 22.exf5 
Nxd5 23.Nbd2 Qc8 24.Bxf6 gxf6 25.Ne4 Qxf5 26.Nh4 Qe6 27.Ng3 Nf4 28.Qd2 Qd7
29.Rd1 Rd8 30.Qe3 Rg8 31.Qb6 Nd5 32.Rxd5 Bxd5 33.Kh2 Bc6 34.Qe3 Qe6 35.Qh6
Be8 36.Ne4 Bg6 37.Nxg6+ Rxg6 38.Qf8+ Rg8 39.Qxd6 Qxd6 40.Nxd6 Rb8 41.g4 
Rb6 42.Ne4 Kg7 43.Kg3 Kg6 44.Kf3 Rc6 45.Ke3 f5 46.Nc5 Kg5 47.f3 Rh6 48.
gxf5 Kxf5 49.Ne4 Ke6 50.Kf2 Kd5 51.Kg3 Rg6+ 52.Kf2 Kc4 53.Ke3 Rh6 54.Kd2 
Rxh3 55.Nd6+ Kd5 56.Nxb5 Rxf3 57.Na3 h5 0-1

[Event "16th Unive op"]
[Site "Hoogeveen NED"]
[Date "2012.10.21"]
[Round "3.2"]
[White "l`Ami, Alina"]
[Black "Ernst, Sipke"]
[Result "1/2-1/2"]
[WhiteElo "2376"]
[BlackElo "2554"]
[EventDate "2012.10.19"]
[PlyCount "32"]

1.d4 Nf6 2.c4 e6 3.Nc3 Bb4 4.Qc2 Nc6 5.Nf3 d6 6.a3 Bxc3+ 7.Qxc3 a5 8.b3 
Qe7 9.Bb2 O-O 10.d5 Nb8 11.dxe6 fxe6 12.g3 c5 13.Bg2 Nc6 14.O-O e5 15.Nd2 
Bf5 16.e4 Bd7 1/2-1/2

[Event "16th Unive op"]
[Site "Hoogeveen NED"]
[Date "2012.10.21"]
[Round "3.3"]
[White "De Jong, Migchiel"]
[Black "Brynell, Stellan"]
[Result "1/2-1/2"]
[WhiteElo "2369"]
[BlackElo "2500"]
[EventDate "2012.10.19"]
[PlyCount "41"]

1.Nf3 Nf6 2.b3 g6 3.Bb2 Bg7 4.e3 O-O 5.c4 c5 6.Nc3 b6 7.Be2 Bb7 8.O-O Nc6 
9.d4 cxd4 10.Nxd4 Nxd4 11.exd4 d5 12.Bf3 Rc8 13.Re1 Re8 14.Ba3 Qd7 15.c5 
Ne4 16.Nxe4 dxe4 17.Bxe4 Bxe4 18.Rxe4 f5 19.Re1 Qxd4 20.Rc1 Qxd1 21.Rexd1 
1/2-1/2

[Event "16th Unive op"]
[Site "Hoogeveen NED"]
[Date "2012.10.21"]
[Round "3.4"]
[White "Schoorl, Rob"]
[Black "Hendriks, Willy"]
[Result "1/2-1/2"]
[WhiteElo "2363"]
[BlackElo "2437"]
[EventDate "2012.10.19"]
[PlyCount "86"]

1.e4 c5 2.Nf3 Nc6 3.d4 cxd4 4.Nxd4 e5 5.Nb5 d6 6.c4 Be7 7.N1c3 a6 8.Na3 f5
9.exf5 Bxf5 10.Nc2 Nf6 11.Ne3 Bg6 12.g3 O-O 13.Bg2 Kh8 14.O-O Qd7 15.Ncd5 
Rae8 16.b3 Bd8 17.Bb2 Ne4 18.f4 exf4 19.gxf4 Nf6 20.Qd2 Nxd5 21.Nxd5 Ne7 
22.Nxe7 Rxe7 23.Rae1 Rxe1 24.Rxe1 Bf6 25.Ba3 Rd8 26.Qd5 b5 27.Rd1 Bf7 28.
Qd3 bxc4 29.bxc4 Qa4 30.Rc1 Bg6 31.Qb3 Qe8 32.Rd1 h6 33.Bxd6 Bh5 34.Bf3 
Qg6+ 35.Kh1 Bxf3+ 36.Qxf3 Qc2 37.c5 Re8 38.Be5 Bxe5 39.fxe5 Qxc5 40.Re1 
Rxe5 41.Rxe5 Qxe5 42.Qa8+ Kh7 43.Qxa6 Qe4+ 1/2-1/2

[Event "16th Unive op"]
[Site "Hoogeveen NED"]
[Date "2012.10.21"]
[Round "3.6"]
[White "Grandelius, Nils"]
[Black "Piasetski, Leon David"]
[Result "1-0"]
[WhiteElo "2593"]
[BlackElo "2298"]
[EventDate "2012.10.19"]
[PlyCount "89"]

1.e4 Nf6 2.e5 Nd5 3.d4 d6 4.Nf3 dxe5 5.Nxe5 c6 6.Be2 Nd7 7.Nf3 Qc7 8.O-O 
Nf4 9.Bc4 e6 10.Re1 Bd6 11.Nbd2 Nf6 12.Bf1 O-O 13.Nc4 Be7 14.Nce5 Ng6 15.
g3 b6 16.Bg2 Bb7 17.Nxg6 hxg6 18.Bf4 Qc8 19.c4 Re8 20.Bh3 Qd8 21.Ne5 Bb4 
22.Re2 Nd7 23.Nxd7 Qxd7 24.c5 b5 25.a4 bxa4 26.Re3 a5 27.Bd6 Ba6 28.Qc2 
Bb5 29.Bg2 Rad8 30.Bf3 Qa7 31.Be5 Qa6 32.Rc1 Rd7 33.h4 Red8 34.h5 g5 35.
Kg2 f5 36.h6 gxh6 37.Bf6 Rf8 38.Rxe6 Bd3 39.Qxa4 Be4 40.Qb3 Rdf7 41.Rxe4 
fxe4 42.Bxe4 Qe2 43.Qe6 Qxe4+ 44.Qxe4 Rxf6 45.Rc2 1-0

[Event "16th Unive op"]
[Site "Hoogeveen NED"]
[Date "2012.10.21"]
[Round "3.9"]
[White "Riemersma, Liafbern"]
[Black "Kerigan, Demre"]
[Result "1-0"]
[WhiteElo "2420"]
[BlackElo "2238"]
[EventDate "2012.10.19"]
[PlyCount "101"]

1.d4 g6 2.c4 Bg7 3.e4 d6 4.Nc3 Nf6 5.Be2 O-O 6.Nf3 Bg4 7.Be3 Nfd7 8.Rc1 c5
9.d5 Na6 10.O-O Nc7 11.a4 a6 12.Ng5 Bxe2 13.Qxe2 h6 14.Nh3 e6 15.Nf4 Re8 
16.f3 exd5 17.Ncxd5 Nxd5 18.Nxd5 Ne5 19.Kh1 Nc6 20.Qd3 Rb8 21.b3 Kh7 22.f4
Ne7 23.f5 Nxd5 24.Qxd5 Qe7 25.Bf4 Rbd8 26.Rce1 g5 27.Bg3 Be5 28.Bf2 Rd7 
29.Rd1 Rc7 30.Be1 Bd4 31.Bg3 Qxe4 32.Qxd6 Rc6 33.Qd7 Re7 34.Qd8 Re8 35.Qd7
Re7 36.Qd8 Re8 37.Qd5 Qxd5 38.cxd5 Rcc8 39.b4 b6 40.h3 Kg7 41.d6 Rcd8 42.
a5 Re3 43.Rf3 Rxf3 44.gxf3 bxa5 45.bxc5 Bxc5 46.d7 Bb6 47.Rd6 Bc7 48.Be5+ 
Kf8 49.Bf6 Bxd6 50.Bxd8 a4 51.Ba5 1-0

[Event "16th Unive op"]
[Site "Hoogeveen NED"]
[Date "2012.10.21"]
[Round "3.12"]
[White "Timmermans, Ivo"]
[Black "Willemze, Thomas"]
[Result "0-1"]
[WhiteElo "2254"]
[BlackElo "2377"]
[EventDate "2012.10.19"]
[PlyCount "66"]

1.d4 Nf6 2.c4 c5 3.d5 b5 4.Nf3 e6 5.Bg5 exd5 6.cxd5 d6 7.e4 a6 8.Bd3 Be7 
9.O-O O-O 10.a4 bxa4 11.Qd2 Bg4 12.e5 dxe5 13.Nxe5 Bh5 14.Bxf6 Bxf6 15.f4 
Re8 16.Nc3 Bxe5 17.fxe5 Rxe5 18.Rxa4 Nd7 19.Qf2 Nf6 20.Qxc5 Nxd5 21.Ra5 
Rc8 22.Qd4 Qxa5 23.Qxe5 Qc5+ 24.Kh1 Nxc3 25.Qxc5 Rxc5 26.bxc3 a5 27.Rb1 g5
28.Rb3 a4 29.Ra3 Bd1 30.Kg1 Bb3 31.c4 Rc6 32.Bf1 Kf8 33.Kf2 Bxc4 0-1

[Event "16th Unive op"]
[Site "Hoogeveen NED"]
[Date "2012.10.21"]
[Round "3.14"]
[White "Nijboer, Friso"]
[Black "Mellema, Andries"]
[Result "1-0"]
[WhiteElo "2525"]
[BlackElo "2181"]
[EventDate "2012.10.19"]
[PlyCount "73"]

1.e4 e6 2.d4 d5 3.Nc3 dxe4 4.Nxe4 Nd7 5.Nf3 Ngf6 6.Nxf6+ Nxf6 7.Be3 Nd5 8.
Bd2 c5 9.Bb5+ Bd7 10.Bxd7+ Qxd7 11.c4 Nb6 12.Rc1 f6 13.O-O Rc8 14.dxc5 
Bxc5 15.b4 Be7 16.Qb3 Kf7 17.Rfe1 Rhe8 18.c5 Nd5 19.Rcd1 Rcd8 20.Bc1 Bf8 
21.Rd2 Qc8 22.a3 Nc7 23.Rc2 Qd7 24.Bf4 Nd5 25.Bg3 a6 26.h4 g6 27.Rc4 Kg7 
28.Nd4 e5 29.c6 Qf7 30.cxb7 Nb6 31.Rc6 Nd5 32.Rcc1 Qxb7 33.Nc6 Rd7 34.Red1
Ne7 35.Nxe5 Rxd1+ 36.Rxd1 Qb6 37.Qf7+ 1-0

[Event "16th Unive op"]
[Site "Hoogeveen NED"]
[Date "2012.10.21"]
[Round "3.15"]
[White "Bezemer, Arno J"]
[Black "Kollen, Zyon"]
[Result "1-0"]
[WhiteElo "2329"]
[BlackElo "2174"]
[EventDate "2012.10.19"]
[PlyCount "53"]

1.d4 Nf6 2.c4 e6 3.Nc3 Bb4 4.e3 O-O 5.Bd3 d5 6.Nf3 c5 7.O-O dxc4 8.Bxc4 
Nbd7 9.a3 cxd4 10.axb4 dxc3 11.bxc3 Qc7 12.Qe2 Nb6 13.Bd3 e5 14.e4 Be6 15.
Be3 Nfd7 16.Rfc1 Rfc8 17.c4 Bxc4 18.Bxc4 Nxc4 19.b5 a6 20.b6 Qc6 21.Nd2 
Ndxb6 22.Bxb6 Qxb6 23.Nxc4 Qd4 24.Rd1 Qc5 25.Rd5 Qb4 26.Rad1 h6 27.Nd6 1-0

[Event "16th Unive op"]
[Site "Hoogeveen NED"]
[Date "2012.10.21"]
[Round "3.17"]
[White "Van der Poel, Henk"]
[Black "Van der Lende, Ilias"]
[Result "1/2-1/2"]
[WhiteElo "2306"]
[BlackElo "2169"]
[EventDate "2012.10.19"]
[PlyCount "94"]

1.e4 e6 2.d4 d5 3.Nc3 Nf6 4.Bg5 Be7 5.e5 Nfd7 6.Bxe7 Qxe7 7.f4 O-O 8.Nf3 
c5 9.Qd2 Nc6 10.dxc5 f6 11.exf6 Qxf6 12.g3 Nxc5 13.O-O-O a6 14.Qe3 b6 15.
Nd4 Bd7 16.Nxc6 Bxc6 17.Rd4 Rae8 18.Bg2 b5 19.Re1 b4 20.Nd1 a5 21.Kb1 Kh8 
22.Qd2 Rb8 23.Nf2 Rfc8 24.Ng4 Qf5 25.Re5 Qf7 26.Re3 a4 27.Ne5 Qb7 28.Nd3 
b3 29.axb3 Bd7 30.Rb4 Qa7 31.Nxc5 Qxc5 32.Rxb8 Rxb8 33.bxa4 Bxa4 34.Rxe6 
Bxc2+ 35.Qxc2 Qg1+ 36.Qc1 Qxg2 37.Re1 Qxh2 38.Qc3 Qf2 39.Qb4 Rc8 40.Qc3 
Rb8 41.Rd1 Qg2 42.Qe5 Rd8 43.Qe7 Rc8 44.Rc1 Rxc1+ 45.Kxc1 Qf1+ 46.Kc2 Qf2+
47.Kc1 Qf1+ 1/2-1/2

[Event "16th Unive op"]
[Site "Hoogeveen NED"]
[Date "2012.10.21"]
[Round "3.18"]
[White "Johansson, Linus"]
[Black "Van 't Hof, Eric"]
[Result "1-0"]
[WhiteElo "2287"]
[BlackElo "2137"]
[EventDate "2012.10.19"]
[PlyCount "103"]

1.d4 Nf6 2.c4 g6 3.g3 Bg7 4.Bg2 d5 5.cxd5 Nxd5 6.Nf3 Nb6 7.Nc3 Nc6 8.e3 
O-O 9.O-O Re8 10.Re1 a5 11.Qe2 Be6 12.Nd2 Nb4 13.Rd1 c6 14.a3 N4d5 15.Nce4
Qc8 16.Nc5 Bg4 17.Bf3 h5 18.Bxg4 hxg4 19.e4 Nf6 20.e5 Nh7 21.Nc4 Nd5 22.
Ne3 Nxe3 23.Bxe3 Rd8 24.Rac1 Nf8 25.Na4 Qe6 26.Nc5 Qc8 27.Bg5 f6 28.Bf4 
Rd5 29.exf6 exf6 30.Na4 Qd8 31.Be3 f5 32.Nc3 Rd6 33.d5 cxd5 34.Nxd5 Kh8 
35.Nb6 Ra6 36.Nc4 Rxd1+ 37.Rxd1 Qe7 38.a4 Qb4 39.Bd4 Bxd4 40.Rxd4 Re6 41.
Qd2 Re1+ 42.Kg2 Qe7 43.Ne3 Ra1 44.h3 Qh7 45.h4 Qc7 46.Rc4 Qe7 47.Qc3+ Qg7 
48.Qxa5 Qxb2 49.Qd8 Kg8 50.Rc8 Qb4 51.Qd5+ Kh8 52.Qe5+ 1-0

[Event "16th Unive op"]
[Site "Hoogeveen NED"]
[Date "2012.10.21"]
[Round "3.19"]
[White "Lorscheid, Gerhard"]
[Black "Sadallah, Osama"]
[Result "1-0"]
[WhiteElo "2267"]
[BlackElo "2126"]
[EventDate "2012.10.19"]
[PlyCount "83"]

1.d4 Nf6 2.c4 g6 3.Nc3 Bg7 4.e4 d6 5.f3 O-O 6.Nge2 Nbd7 7.Be3 c5 8.d5 a6 
9.a4 h5 10.Qd2 Ne5 11.Nc1 e6 12.Be2 exd5 13.cxd5 Kh7 14.O-O Ng8 15.h3 f5 
16.N1a2 Bh6 17.f4 Nf7 18.Bd3 Ne7 19.Bf2 fxe4 20.Bxe4 Nf5 21.Nc1 Bd7 22.
N1e2 Ne5 23.b3 b5 24.axb5 axb5 25.Rxa8 Qxa8 26.Qc2 Nf7 27.g4 hxg4 28.hxg4 
Ne7 29.Bh4 Qe8 30.Bf3 Nh8 31.Re1 Qf7 32.Qd3 Kg8 33.Ne4 g5 34.Nxg5 Bxg5 35.
Bxg5 Nhg6 36.Kg2 Qg7 37.Rh1 Ne5 38.fxe5 Bf5 39.Qe3 dxe5 40.Bxe7 Bxg4 41.
Bxg4 Qxg4+ 42.Qg3 1-0

[Event "16th Unive op"]
[Site "Hoogeveen NED"]
[Date "2012.10.21"]
[Round "3.20"]
[White "Lindgren, Philip"]
[Black "Potze, Rudolf"]
[Result "1-0"]
[WhiteElo "2265"]
[BlackElo "2124"]
[EventDate "2012.10.19"]
[PlyCount "35"]

1.d4 Nf6 2.c4 g6 3.Nc3 d5 4.Nf3 Bg7 5.Qb3 dxc4 6.Qxc4 O-O 7.e4 b6 8.e5 Ne8
9.Qd5 Qxd5 10.Nxd5 Bb7 11.Nxe7+ Kh8 12.Bc4 f6 13.h4 Bxf3 14.gxf3 fxe5 15.
h5 g5 16.Ng6+ hxg6 17.hxg6+ Bh6 18.Bxg5 1-0

[Event "16th Unive op"]
[Site "Hoogeveen NED"]
[Date "2012.10.21"]
[Round "3.21"]
[White "Kasparova, Tatiana"]
[Black "Hovenga, Alje"]
[Result "1-0"]
[WhiteElo "2126"]
[BlackElo "2246"]
[EventDate "2012.10.19"]
[PlyCount "45"]

1.e4 c6 2.d4 d5 3.Nc3 dxe4 4.Nxe4 Nd7 5.Bc4 Ngf6 6.Ng5 e6 7.Qe2 Nb6 8.Bd3 
h6 9.N5f3 c5 10.Be3 Qc7 11.Ne5 Bd6 12.Ngf3 Nbd7 13.Nxd7 Bxd7 14.dxc5 Bxc5 
15.Bxc5 Qxc5 16.Ne5 Bc6 17.Nxc6 bxc6 18.O-O O-O 19.a3 a5 20.b3 Rfd8 21.
Rfe1 Qc3 22.Qf3 Rd4 23.Bh7+ 1-0

[Event "16th Unive op"]
[Site "Hoogeveen NED"]
[Date "2012.10.21"]
[Round "3.22"]
[White "Vroombout, Enrico"]
[Black "Schoehuys, Erik"]
[Result "0-1"]
[WhiteElo "2243"]
[BlackElo "2123"]
[EventDate "2012.10.19"]
[PlyCount "118"]

1.e4 e5 2.Nf3 Nc6 3.Bb5 Nf6 4.O-O Nxe4 5.Re1 Nd6 6.Nxe5 Be7 7.Qh5 O-O 8.
Bd3 f5 9.Nc3 Bf6 10.Nc4 g6 11.Qd1 Nf7 12.Nd5 Bg7 13.Bf1 b5 14.Nce3 Nd6 15.
f4 Nd4 16.a4 c6 17.Nb4 Qb6 18.axb5 N6xb5 19.Ra4 Nd6 20.b3 Ne6 21.Nd3 a5 
22.Ba3 Qb8 23.Nc5 Re8 24.Nxe6 Rxe6 25.Bxd6 Rxd6 26.Nc4 Rf6 27.Re8+ Rf8 28.
Rxf8+ Kxf8 29.Qf3 d5 30.Ne3 Be6 31.h3 Qc7 32.Kh1 Rb8 33.Nd1 Rb4 34.Rxb4 
axb4 35.Nf2 Qb6 36.Nd3 Qd4 37.Qe3 Qxe3 38.dxe3 Bc3 39.Kg1 Ke7 40.Kf2 Kd6 
41.Be2 c5 42.Bd1 c4 43.Nc1 Kc5 44.g4 Bb2 45.Ne2 fxg4 46.h4 Bf6 47.Kg3 h5 
48.bxc4 dxc4 49.e4 Bd4 50.Kg2 Bd7 51.Ng3 Bf6 52.f5 gxf5 53.Nxh5 Bxh4 54.
exf5 Bxf5 55.Nf4 Be4+ 56.Kf1 Bf3 57.Bxf3 gxf3 58.Ng6 Bg3 59.Ne7 b3 0-1

[Event "16th Unive op"]
[Site "Hoogeveen NED"]
[Date "2012.10.21"]
[Round "3.23"]
[White "Padurariu, Ioana-Smaranda"]
[Black "Henseler, Jorgen"]
[Result "1-0"]
[WhiteElo "2236"]
[BlackElo "2062"]
[EventDate "2012.10.19"]
[PlyCount "67"]

1.e4 c5 2.Nf3 Nc6 3.d4 cxd4 4.Nxd4 Nf6 5.Nc3 e5 6.Ndb5 d6 7.Bg5 a6 8.Na3 
b5 9.Bxf6 gxf6 10.Nd5 f5 11.Bd3 Be6 12.O-O Bxd5 13.exd5 Ne7 14.Nxb5 Qb6 
15.Na3 e4 16.Be2 Bg7 17.Rb1 O-O 18.Qd2 Kh8 19.Kh1 Qc5 20.c4 Be5 21.f4 Bf6 
22.Nc2 Rg8 23.Qe3 Qc7 24.Rfd1 Rab8 25.b3 Rgc8 26.Bf1 Qa5 27.a3 Ng6 28.b4 
Qa4 29.Nd4 Ne7 30.Qh3 Bxd4 31.Rxd4 a5 32.Rdd1 axb4 33.axb4 Rxb4 34.Qc3+ 
1-0

[Event "16th Unive op"]
[Site "Hoogeveen NED"]
[Date "2012.10.21"]
[Round "3.24"]
[White "Van Osch, Mees"]
[Black "Donker, Roel"]
[Result "0-1"]
[WhiteElo "2083"]
[BlackElo "2228"]
[EventDate "2012.10.19"]
[PlyCount "132"]

1.e4 c5 2.Nf3 d6 3.d4 cxd4 4.Nxd4 Nf6 5.Nc3 g6 6.Be3 Bg7 7.f3 Nc6 8.Qd2 
O-O 9.O-O-O d5 10.exd5 Nxd5 11.Nxc6 bxc6 12.Nxd5 cxd5 13.Qxd5 Qc7 14.Qc5 
Qb7 15.b3 Bf5 16.Bd3 Rac8 17.Qa5 Rc3 18.Bxf5 Rxe3 19.Be4 Qc8 20.Rd5 Qe6 
21.Rd8 Qf6 22.Rxf8+ Bxf8 23.Kb1 Qd4 24.Qd5 Qc3 25.Rd1 e6 26.Qd2 Qc5 27.c4 
h5 28.Qd4 Re2 29.Qxc5 Bxc5 30.Rd8+ Kg7 31.Rc8 Ba3 32.c5 Rxg2 33.c6 f5 34.
Bd3 Rb2+ 35.Kc1 Rxb3+ 36.Kc2 Rb6 37.Bc4 Kf6 38.Kd3 Ke5 39.f4+ Kd6 40.Ke3 
Bc5+ 41.Kf3 Rb2 42.h4 Rf2+ 43.Kg3 Rc2 44.Bb3 Re2 45.Re8 Re3+ 46.Kg2 Re2+ 
47.Kf3 Re3+ 48.Kg2 Re4 49.Kf3 Bb6 50.Rg8 a5 51.Rxg6 a4 52.Bd1 Re3+ 53.Kg2 
Ra3 54.Kf1 Rxa2 55.Rg2 Rxg2 56.Kxg2 a3 57.Bb3 Kc5 58.Bxe6 Kd4 59.Kf3 Kc3 
60.Ke2 Bc7 61.Ke3 Kb2 62.Kd4 Bxf4 63.Kc5 Bc7 64.Bc4 a2 65.Bxa2 Kxa2 66.Kd5
f4 0-1

[Event "16th Unive op"]
[Site "Hoogeveen NED"]
[Date "2012.10.21"]
[Round "3.25"]
[White "Grant, Jonathan"]
[Black "Van Foreest, Lucas"]
[Result "0-1"]
[WhiteElo "2217"]
[BlackElo "1952"]
[EventDate "2012.10.19"]
[PlyCount "78"]

1.c4 Nf6 2.Nc3 g6 3.g3 Bg7 4.Bg2 O-O 5.e4 d6 6.Nge2 c5 7.O-O Nc6 8.d3 Bd7 
9.h3 a6 10.a4 Rb8 11.Be3 Ne8 12.d4 cxd4 13.Nxd4 Qc8 14.Nd5 Bxd4 15.Bxd4 
Bxh3 16.Ba7 Bxg2 17.Kxg2 Ra8 18.Be3 Qe6 19.Bh6 Ng7 20.Qd2 Qxe4+ 21.f3 Qxc4
22.Bxg7 Kxg7 23.Rh1 h5 24.Rh4 Qc5 25.b4 Qa7 26.Rd1 Rh8 27.Qc3+ e5 28.b5 
axb5 29.axb5 Nd4 30.Rdxd4 exd4 31.Rxd4 Qa3 32.Qc4 Rhc8 33.Qe2 Qa1 34.Rd2 
Re8 35.Qf2 Rec8 36.Ne3 Rc5 37.b6 Qe5 38.Re2 Kh6 39.Re1 Ra3 0-1

[Event "16th Unive op"]
[Site "Hoogeveen NED"]
[Date "2012.10.21"]
[Round "3.26"]
[White "Majhi, Ankit"]
[Black "Clemens, Adrian HP"]
[Result "1/2-1/2"]
[WhiteElo "1923"]
[BlackElo "2213"]
[EventDate "2012.10.19"]
[PlyCount "74"]

1.e4 c5 2.Nc3 a6 3.a4 Nc6 4.f4 g6 5.Nf3 Bg7 6.Bc4 e6 7.O-O Nge7 8.d3 O-O 
9.Qe1 d5 10.Ba2 Nd4 11.Nxd4 cxd4 12.Nb1 dxe4 13.Qxe4 Qc7 14.Bb3 Bd7 15.Bd2
Bc6 16.Qe2 Bd5 17.Bxd5 Nxd5 18.Na3 b6 19.b4 Qc6 20.Nc4 b5 21.Ne5 Qd6 22.
Rfb1 Rfc8 23.Rb2 Nb6 24.axb5 axb5 25.Ra5 Na4 26.Ra2 Rab8 27.g3 Bf6 28.Qe4 
Bd8 29.Ra7 Rc7 30.Ra8 Rxa8 31.Qxa8 Kg7 32.Nf3 f5 33.Be1 Bf6 34.Kg2 Qc6 35.
Qxc6 Rxc6 36.Bf2 Rd6 37.Ra1 Kf8 1/2-1/2

[Event "16th Unive op"]
[Site "Hoogeveen NED"]
[Date "2012.10.21"]
[Round "3.27"]
[White "Van Foreest, Jorden"]
[Black "Bosboom, Manuel"]
[Result "1/2-1/2"]
[WhiteElo "2225"]
[BlackElo "2402"]
[EventDate "2012.10.19"]
[PlyCount "44"]

1.e4 c6 2.d4 d5 3.Nc3 g6 4.h3 Bg7 5.Nf3 b5 6.a3 a6 7.Bf4 dxe4 8.Nxe4 Bf5 
9.Bd3 Bxe4 10.Bxe4 Nf6 11.Bd3 Nbd7 12.O-O c5 13.c4 bxc4 14.Bxc4 O-O 15.
dxc5 Nxc5 16.Qe2 e6 17.b4 Na4 18.Rac1 a5 19.Bd2 Nd5 20.bxa5 Ndc3 21.Qe1 
Qxa5 22.Ng5 Qe5 1/2-1/2

[Event "16th Unive op"]
[Site "Hoogeveen NED"]
[Date "2012.10.21"]
[Round "3.28"]
[White "Vos, Tjark"]
[Black "Ben Artzi, Ido"]
[Result "1-0"]
[WhiteElo "2003"]
[BlackElo "2286"]
[EventDate "2012.10.19"]
[PlyCount "71"]

1.e4 e5 2.Nf3 Nc6 3.Bc4 Bc5 4.c3 Nf6 5.d3 a6 6.O-O Ba7 7.Nbd2 O-O 8.Re1 d6
9.Bb3 Ne7 10.Nf1 Ng6 11.Ng3 h6 12.Be3 Be6 13.Bxa7 Rxa7 14.d4 Qc8 15.Bxe6 
fxe6 16.dxe5 dxe5 17.Qb3 Qe8 18.Rad1 Qf7 19.Re2 Ne8 20.Red2 Nd6 21.c4 b6 
22.c5 bxc5 23.Qc3 Rb7 24.Qxc5 h5 25.Rc2 h4 26.Nf1 h3 27.Ng5 Qf6 28.Nxh3 
Nh4 29.Rd3 Rb5 30.Qe3 Rb4 31.Ng3 Ng6 32.Rxc7 Nb5 33.Nh5 Nxc7 34.Nxf6+ gxf6
35.Qh6 Ne7 36.Rg3+ 1-0

[Event "16th Unive op"]
[Site "Hoogeveen NED"]
[Date "2012.10.21"]
[Round "3.29"]
[White "Veinberg, Nimrod"]
[Black "Baskin, Robert"]
[Result "1/2-1/2"]
[WhiteElo "2170"]
[BlackElo "2071"]
[EventDate "2012.10.19"]
[PlyCount "83"]

1.d4 Nf6 2.c4 g6 3.Nc3 Bg7 4.e4 d6 5.h3 O-O 6.Bg5 Na6 7.Bd3 c6 8.Nge2 e5 
9.d5 Qb6 10.Na4 Qc7 11.g4 Bd7 12.Nac3 cxd5 13.cxd5 Qb6 14.Rb1 Nc5 15.Bc2 
a5 16.Be3 Rfc8 17.O-O Qd8 18.a3 a4 19.f3 b5 20.Nc1 Ne8 21.Nd3 Qh4 22.Kg2 
Bh6 23.Bf2 Qe7 24.Qe2 Rab8 25.Na2 Nc7 26.Nab4 N7a6 27.Rbd1 Rb7 28.Be1 Rbc7
29.Bc3 Nxb4 30.Nxb4 Bg5 31.Nc6 Bxc6 32.dxc6 Rb8 33.Rd5 Ne6 34.f4 Nxf4+ 35.
Rxf4 Bxf4 36.Rxb5 Rbc8 37.Rb6 Rxc6 38.Rxc6 Rxc6 39.Bxa4 Rc5 40.Bb3 Qc7 41.
Qd3 Qb6 42.Bd5 1/2-1/2

[Event "16th Unive op"]
[Site "Hoogeveen NED"]
[Date "2012.10.21"]
[Round "3.30"]
[White "Van der Raaf, Erik"]
[Black "Haver, Bas"]
[Result "0-1"]
[WhiteElo "2163"]
[BlackElo "2044"]
[EventDate "2012.10.19"]
[PlyCount "50"]

1.e4 c5 2.d4 cxd4 3.c3 Nf6 4.e5 Nd5 5.Qxd4 e6 6.Nf3 Nc6 7.Qe4 d6 8.Bb5 Bd7
9.Bg5 Qc7 10.exd6 Bxd6 11.Nbd2 h6 12.Qh4 Nf4 13.Bxf4 Bxf4 14.O-O g5 15.Qh5
O-O-O 16.g3 Bxd2 17.Nxd2 Ne5 18.Bxd7+ Rxd7 19.Nf3 Nd3 20.Rfd1 e5 21.Nxg5 
Qb6 22.Rxd3 Rxd3 23.Nxf7 Rf8 24.Qf5+ Rd7 25.Rd1 Rxf7 0-1

[Event "16th Unive op"]
[Site "Hoogeveen NED"]
[Date "2012.10.21"]
[Round "3.31"]
[White "Ritsema, Ronald JE"]
[Black "Vogel, Jaap"]
[Result "0-1"]
[WhiteElo "2058"]
[BlackElo "2158"]
[EventDate "2012.10.19"]
[PlyCount "54"]

1.d4 e6 2.c4 f5 3.g3 Nf6 4.Bg2 c6 5.Nf3 d5 6.O-O Bd6 7.b3 Qe7 8.Bb2 O-O 9.
Nbd2 b6 10.a4 a5 11.Ne5 Bb7 12.Ndf3 Nbd7 13.Qc1 Rac8 14.Ba3 c5 15.e3 Rfd8 
16.Qb2 Ne4 17.Rfc1 Nxe5 18.Nxe5 Bxe5 19.dxe5 d4 20.exd4 Ng5 21.f4 Nf3+ 22.
Bxf3 Bxf3 23.Qf2 Ba8 24.dxc5 Qb7 25.c6 Qxc6 26.Kf1 Rd3 27.Ke1 Qe4+ 0-1

[Event "16th Unive op"]
[Site "Hoogeveen NED"]
[Date "2012.10.21"]
[Round "3.32"]
[White "Hendriks, Richard V"]
[Black "Klapwijk, Bram"]
[Result "1/2-1/2"]
[WhiteElo "2123"]
[BlackElo "2039"]
[EventDate "2012.10.19"]
[PlyCount "43"]

1.e4 e6 2.f4 c5 3.Nf3 Nc6 4.c3 Nf6 5.d3 d5 6.e5 Nd7 7.g3 Be7 8.Bh3 h5 9.
Qe2 Qc7 10.O-O g6 11.c4 dxc4 12.dxc4 h4 13.g4 Nd4 14.Qe4 Nb6 15.Na3 Bd7 
16.Nxd4 cxd4 17.Bd2 Bc6 18.Qd3 Qd7 19.Nc2 Rd8 20.Nb4 Na4 21.Nxc6 bxc6 22.
b4 1/2-1/2

[Event "16th Unive op"]
[Site "Hoogeveen NED"]
[Date "2012.10.21"]
[Round "3.33"]
[White "Go, Benjamin"]
[Black "Kazarian, Anna-Maja"]
[Result "1/2-1/2"]
[WhiteElo "2175"]
[BlackElo "1864"]
[EventDate "2012.10.19"]
[PlyCount "108"]

1.e4 e6 2.Nf3 d5 3.Nc3 Nf6 4.e5 Nfd7 5.d4 c5 6.dxc5 Nc6 7.Bf4 Nxc5 8.Qd2 
a6 9.O-O-O Bd7 10.h4 b5 11.Nd4 Nxd4 12.Qxd4 b4 13.Ne2 a5 14.c4 Ba4 15.Rd2 
Ne4 16.b3 Nxd2 17.Qxd2 Bc6 18.Nd4 Qc7 19.Kb2 a4 20.bxa4 Bxa4 21.cxd5 Bc5 
22.Bc4 exd5 23.Bxd5 Rd8 24.Nb3 Bxb3 25.axb3 Qd7 26.Rd1 O-O 27.Bg5 Rde8 28.
Be3 Qa7 29.Bxc5 Qxc5 30.Qd4 Qxd4+ 31.Rxd4 Rxe5 32.f4 Re2+ 33.Kb1 Rb8 34.
Bf3 Re1+ 35.Kc2 Kf8 36.Rd7 Rc8+ 37.Kd2 Rb1 38.Bd5 Ke8 39.Rxf7 Rd8 40.Rf5 
Rxb3 41.Re5+ Kf8 42.Rf5+ Ke7 43.Re5+ Kf6 44.Ke2 Rb2+ 45.Kf3 g6 46.h5 Rd2 
47.Be4 Rc8 48.hxg6 Rc3+ 49.Kg4 hxg6 50.Rb5 b3 51.Rb6+ Kf7 52.Bxg6+ Kg7 53.
Be4 b2 54.Kg5 Rc7 1/2-1/2

[Event "16th Unive op"]
[Site "Hoogeveen NED"]
[Date "2012.10.21"]
[Round "3.35"]
[White "Klomp, Robert"]
[Black "Voss, Herman"]
[Result "1/2-1/2"]
[WhiteElo "2119"]
[BlackElo "2015"]
[EventDate "2012.10.19"]
[PlyCount "139"]

1.c4 e5 2.g3 Nc6 3.Bg2 Nf6 4.Nc3 Bb4 5.Nd5 Bc5 6.e3 O-O 7.Ne2 d6 8.a3 a5 
9.Nec3 Bf5 10.d3 Nxd5 11.cxd5 Ne7 12.O-O Qd7 13.Re1 Bh3 14.Bh1 Bf5 15.b3 
Bg6 16.Ne2 Bb6 17.d4 f6 18.Bb2 e4 19.Nf4 f5 20.f3 exf3 21.Nxg6 Nxg6 22.
Bxf3 Rae8 23.Qd3 Re7 24.Re2 Rfe8 25.Rf1 Nh8 26.e4 fxe4 27.Rxe4 Rxe4 28.
Bxe4 g6 29.Bc3 Kg7 30.Qf3 Qe7 31.Re1 Rf8 32.Qe3 Nf7 33.Qd3 Ne5 34.Qe2 Qf6 
35.Kg2 Nd7 36.Rf1 Qxf1+ 37.Qxf1 Rxf1 38.Kxf1 Nf6 39.Bf3 g5 40.Ke2 Kg6 41.
Kd3 Kf5 42.Bd2 h6 43.Bg2 h5 44.Bh3+ g4 45.Bg2 Kg6 46.Ke3 Kf5 47.h4 gxh3 
48.Bxh3+ Ng4+ 49.Kd3 c6 50.Bf4 Bc7 51.Bg2 cxd5 52.Bxd5 b6 53.Be4+ Kf6 54.
Bc6 Nf2+ 55.Ke3 Nh3 56.Be8 Nxf4 57.Kxf4 d5+ 58.Kf3 Kg5 59.Bf7 Bd8 60.Bxd5 
Bf6 61.Ke3 Be7 62.a4 Bd6 63.Kf3 Bb4 64.Be6 Kf6 65.Bh3 Bd6 66.g4 hxg4+ 67.
Bxg4 Ke7 68.Ke4 Kd8 69.Kd5 Kc7 70.Be2 1/2-1/2